| 000 | 00427 a2200157 4500 | ||
|---|---|---|---|
| 020 | _a8120329503 | ||
| 022 | _a9788120329508 | ||
| 082 | _a658.3 | ||
| 090 |
_c5895 _d5895 |
||
| 100 | _aSeperich,George J. | ||
| 245 |
_aManaging Power and People. _bRussell W.McCalley. _cGeorge J.Seperich. |
||
| 260 |
_aNew Delhi. _bPrentice Hall of India. _c2006. |
||
| 300 | _a265p. | ||
| 500 | _aPaper cover. | ||
| 942 |
_aNBS _cBK _k658.3 SEP |
||
| 999 |
_c348291 _d348291 |
||